[Event "Piestany op-B"]
[Site "Piestany"]
[Date "2023.07.18"]
[Round "8"]
[White "Lajda, Dusan"]
[Black "Kruzliak, Damian"]
[Result "0-1"]
[WhiteElo "1713"]
[BlackElo "1542"]
[PlyCount "70"]
[EventDate "2023.07.11"]
[EventType "swiss"]
[EventRounds "9"]
[EventCountry "SVK"]
[SourceTitle "EXT 2024"]
[Source "ChessBase"]
[SourceDate "2023.10.10"]
[SourceVersion "1"]
[SourceVersionDate "2023.10.10"]
[SourceQuality "1"]

1. e4 e5 2. Nf3 Nc6 3. Bc4 Bc5 4. b4 Bxb4 5. c3 Ba5 6. d4 d6 7. 0-0 Bg4 8. Bg5 Nge7 9. Qa4 a6 10. Bd5 f6 11. Be3 b5 12. Qb3 Nxd5 13. exd5 Ne7 14. Nbd2 Bb6 15. dxe5 dxe5 16. d6 cxd6 17. Rfe1 Bxe3 18. Rxe3 d5 19. Rae1 Nc6 20. Nd4 Qd7 21. h3 Bh5 22. Nxc6 Qxc6 23. Rxe5+ fxe5 24. Rxe5+ Kf8 25. Rxh5 Rd8 26. Rf5+ Kg8 27. Ne4 Qe6 28. Ng3 g6 29. Rf3 Kg7 30. Re3 Qd6 31. c4 bxc4 32. Qb2+ d4 33. Ne4 c3 34. Qc2 Qb4 35. a3 Qb2 0-1

[Event "SVK-chT3A2 2122"]
[Site "Slovakia"]
[Date "2022.05.08"]
[Round "7.3"]
[White "Zlamal, Marek"]
[Black "Lajda, Dusan"]
[Result "1/2-1/2"]
[WhiteElo "1893"]
[BlackElo "1734"]
[PlyCount "114"]
[EventDate "2021.10.10"]
[EventType "team-tourn"]
[EventRounds "11"]
[EventCountry "SVK"]
[SourceTitle "EXT 2024"]
[Source "ChessBase"]
[SourceDate "2023.10.10"]
[SourceVersion "1"]
[SourceVersionDate "2023.10.10"]
[SourceQuality "1"]
[WhiteTeam "Holic"]
[BlackTeam "Vrbove"]
[WhiteTeamCountry "SVK"]
[BlackTeamCountry "SVK"]

1. e4 c5 2. c4 Nc6 3. Nc3 d6 4. d3 Nf6 5. f4 g6 6. Be2 Bg7 7. Nf3 0-0 8. 0-0 Bg4 9. Qe1 a5 10. h3 Bxf3 11. Bxf3 Nd4 12. Bd1 e6 13. Rb1 Ne8 14. Qg3 Nc7 15. Kh1 Kh8 16. Be3 Rb8 17. Ba4 f5 18. Bxd4 cxd4 19. Nb5 e5 20. fxe5 Bxe5 21. Qe1 Ne6 22. exf5 gxf5 23. Qf2 Qg5 24. Rbe1 Bg3 25. Qf3 Bxe1 26. Rxe1 Nc5 27. Qd5 Qf4 28. Nxd6 Nxd3 29. Re7 Nf2+ 30. Kg1 Nxh3+ 31. Kh1 Nf2+ 32. Kg1 Nh3+ 33. Kh1 Qf1+ 34. Kh2 Qg1+ 35. Kxh3 Qh1+ 36. Kg3 Rg8+ 37. Kf2 Qh4+ 38. Kg1 Qxe7 39. Qxd4+ Rg7 40. Nxf5 Qg5 41. Nxg7 Qxg7 42. Qd2 Qf6 43. Qxa5 Qxb2 44. Qd5 Qb6+ 45. Kh1 Rf8 46. Qe5+ Qf6 47. Qe4 Qf1+ 48. Kh2 Qf4+ 49. Qxf4 Rxf4 50. Bb5 b6 51. Kg3 Rf6 52. a4 Kg7 53. Ba6 Kf7 54. Kh4 Ke7 55. g4 Rc6 56. Kg5 Kf7 57. Bb5 Rg6+ 1/2-1/2

[Event "SVK-chT3A2 2122"]
[Site "Slovakia"]
[Date "2022.03.20"]
[Round "11.4"]
[White "Lajda, Dusan"]
[Black "Bango, Dominik"]
[Result "0-1"]
[WhiteElo "1734"]
[BlackElo "1801"]
[PlyCount "82"]
[EventDate "2021.10.10"]
[EventType "team-tourn"]
[EventRounds "11"]
[EventCountry "SVK"]
[SourceTitle "EXT 2024"]
[Source "ChessBase"]
[SourceDate "2023.10.10"]
[SourceVersion "1"]
[SourceVersionDate "2023.10.10"]
[SourceQuality "1"]
[WhiteTeam "Vrbove"]
[BlackTeam "Modranka Komplet"]
[WhiteTeamCountry "SVK"]
[BlackTeamCountry "SVK"]

1. e4 e5 2. Nf3 Nc6 3. Bc4 Nf6 4. d3 h6 5. 0-0 Bc5 6. a3 d6 7. h3 Be6 8. Nbd2 0-0 9. Re1 Re8 10. b4 Bb6 11. Bxe6 fxe6 12. Nc4 Qd7 13. Bd2 Rad8 14. c3 a6 15. Qe2 Ba7 16. Kh2 b5 17. Ne3 d5 18. exd5 exd5 19. Nh4 d4 20. Ng4 Nxg4+ 21. Qxg4 Qxg4 22. hxg4 dxc3 23. Be3 Rxd3 24. Bxa7 Nxa7 25. Rac1 Nc6 26. Re3 e4 27. Rxc3 Ne5 28. Kg3 Rxe3+ 29. fxe3 Nc4 30. Nf5 Rd8 31. Kf4 Rd3 32. Rc2 Rxa3 33. Kxe4 Rb3 34. Ne7+ Kf7 35. Nd5 c6 36. Rf2+ Kg6 37. Ne7+ Kg5 38. Rf5+ Kh4 39. g3+ Kxg3 40. Rf3+ Kg2 41. Kf4 g5+ 0-1

[Event "SVK-chT4 A21 1920"]
[Site "Slovakia"]
[Date "2020.01.26"]
[Round "7.1"]
[White "Lajda, Dusan"]
[Black "Benci, Rudolf"]
[Result "0-1"]
[WhiteElo "1761"]
[BlackElo "1636"]
[PlyCount "120"]
[EventDate "2019.10.13"]
[EventType "team-tourn"]
[EventRounds "11"]
[EventCountry "SVK"]
[SourceTitle "CBM 194 Extra"]
[Source "ChessBase"]
[SourceDate "2020.03.31"]
[SourceVersion "1"]
[SourceVersionDate "2020.03.31"]
[SourceQuality "1"]
[WhiteTeam "Vrbove II"]
[BlackTeam "Senica CVC II"]
[WhiteTeamCountry "SVK"]
[BlackTeamCountry "SVK"]

1. e4 c5 2. Nf3 d6 3. d4 cxd4 4. Nxd4 Nf6 5. Nc3 Nc6 6. Be3 e5 7. Nb3 Be7 8. Qd2 a6 9. f3 b5 10. Rd1 Bb7 11. Be2 Qc7 12. 0-0 0-0 13. a3 Rac8 14. Na2 Rfd8 15. Nc3 Na5 16. Nxa5 Qxa5 17. Nd5 Qxd2 18. Nxe7+ Kf8 19. Rxd2 Kxe7 20. Rfd1 d5 21. exd5 Rxd5 22. Bd3 Rcd8 23. Bb6 R8d6 24. Ba5 Rd7 25. Re2 Ne8 26. Rde1 Kf6 27. Bc3 Re7 28. f4 Re6 29. fxe5+ Ke7 30. Be4 Rd7 31. Bf5 Nc7 32. Bb4+ Ke8 33. Bxe6 Nxe6 34. Rd2 Rc7 35. Red1 g6 36. Kf2 Be4 37. c3 Ra7 38. Ke3 Bc6 39. Bd6 Ra8 40. g3 h5 41. h4 Ng7 42. b4 Rc8 43. Bc5 Ne6 44. Rd6 Ng7 45. R6d2 Ne6 46. Rg1 Bb7 47. Rgd1 Bc6 48. g4 hxg4 49. Rg1 Bf3 50. Rd6 Nxc5 51. bxc5 Rxc5 52. Kd4 Rc4+ 53. Kd3 Ra4 54. Re1 g3 55. e6 f5 56. Rd4 Be4+ 57. Ke3 Rxa3 58. Rxe4 fxe4 59. Kxe4 Rxc3 60. Ke5 Ke7 0-1

[Event "SVK-chT4 A21 1920"]
[Site "Slovakia"]
[Date "2019.10.27"]
[Round "2.1"]
[White "Blatnicky, Miroslav"]
[Black "Lajda, Dusan"]
[Result "1-0"]
[WhiteElo "2112"]
[BlackElo "1761"]
[PlyCount "63"]
[EventDate "2019.10.13"]
[EventType "team-tourn"]
[EventRounds "11"]
[EventCountry "SVK"]
[SourceTitle "CBM 193 Extra"]
[Source "ChessBase"]
[SourceDate "2020.01.31"]
[SourceVersion "1"]
[SourceVersionDate "2020.01.31"]
[SourceQuality "1"]
[WhiteTeam "Vrbove"]
[BlackTeam "Vrbove II"]
[WhiteTeamCountry "SVK"]
[BlackTeamCountry "SVK"]

1. d4 d5 2. c4 c6 3. Nc3 Nf6 4. Nf3 e6 5. Bg5 Nbd7 6. e3 Be7 7. a3 0-0 8. cxd5 exd5 9. Bd3 h6 10. Bh4 Re8 11. 0-0 Nh7 12. Bg3 Ndf6 13. Qc2 Ng5 14. Ne5 Ng4 15. b4 Bd6 16. Nxg4 Bxg4 17. b5 Bxg3 18. hxg3 Rc8 19. bxc6 bxc6 20. Rfb1 Rc7 21. Rb3 Qd6 22. Rab1 Rce7 23. Bf5 Bxf5 24. Qxf5 g6 25. Qf4 Qe6 26. a4 Kg7 27. a5 Qc8 28. Qd6 Qa6 29. Nxd5 Ne4 30. Nc7 Nxd6 31. Nxa6 Kf6 32. Rc1 1-0

[Event "SVK-chT4 A21 1819"]
[Site "Slovakia"]
[Date "2018.12.02"]
[Round "4.2"]
[White "Lajda, Dusan"]
[Black "Husek, Lubomir"]
[Result "1/2-1/2"]
[WhiteElo "1774"]
[BlackElo "1875"]
[PlyCount "55"]
[EventDate "2018.10.14"]
[EventType "team-tourn"]
[EventRounds "11"]
[EventCountry "SVK"]
[SourceTitle "CBM 189 Extra"]
[Source "ChessBase"]
[SourceDate "2019.06.03"]
[SourceVersion "1"]
[SourceVersionDate "2019.06.03"]
[SourceQuality "1"]
[WhiteTeam "Vrbove II"]
[BlackTeam "Holic II"]
[WhiteTeamCountry "SVK"]
[BlackTeamCountry "SVK"]

1. e4 e5 2. Nf3 Nc6 3. Bc4 Be7 4. d4 d6 5. c3 Nf6 6. Nbd2 0-0 7. Qc2 a6 8. a4 Rb8 9. d5 Na7 10. a5 Bd7 11. 0-0 Qc8 12. Re1 c6 13. Bd3 Bg4 14. c4 Bh5 15. b3 Ne8 16. Be2 Bg6 17. Bd3 f5 18. exf5 Bxf5 19. Ne4 cxd5 20. cxd5 Qxc2 21. Bxc2 Rc8 22. Bd3 Bg4 23. Be3 Bxf3 24. Bxa7 Bg4 25. Rac1 Nf6 26. Nxf6+ Bxf6 27. Bb6 Rxc1 28. Rxc1 1/2-1/2

[Event "SVK-chT4 A21 1819"]
[Site "Slovakia"]
[Date "2018.10.14"]
[Round "1.1"]
[White "Lajda, Dusan"]
[Black "Harasta, Marian"]
[Result "1-0"]
[WhiteElo "1774"]
[BlackElo "1653"]
[PlyCount "91"]
[EventDate "2018.10.14"]
[EventType "team-tourn"]
[EventRounds "11"]
[EventCountry "SVK"]
[SourceTitle "CBM 189 Extra"]
[Source "ChessBase"]
[SourceDate "2019.06.03"]
[SourceVersion "1"]
[SourceVersionDate "2019.06.03"]
[SourceQuality "1"]
[WhiteTeam "Vrbove II"]
[BlackTeam "Skalica III"]
[WhiteTeamCountry "SVK"]
[BlackTeamCountry "SVK"]

1. e4 c5 2. Nf3 Nc6 3. d4 cxd4 4. Nxd4 e5 5. Nb3 Nf6 6. f3 Be7 7. Be3 0-0 8. Nc3 Nh5 9. Qd2 a6 10. Nd5 Bh4+ 11. g3 Nxg3 12. hxg3 Bxg3+ 13. Bf2 Bxf2+ 14. Qxf2 Qg5 15. Qh4 Qxh4+ 16. Rxh4 d6 17. Nb6 Rb8 18. Nxc8 Rbxc8 19. c3 b5 20. a3 Rc7 21. Rd1 Rd8 22. Rh2 Ne7 23. Rhd2 Rc6 24. Na5 Rb6 25. c4 bxc4 26. Nxc4 Rc6 27. Rxd6 Rcxd6 28. Rxd6 Rxd6 29. Nxd6 a5 30. Bb5 h5 31. Nc4 h4 32. Bd7 f6 33. Nxa5 Ng6 34. b4 Nf4 35. b5 Kf7 36. b6 Nd3+ 37. Kf1 Nc5 38. Bc8 g6 39. Nc6 Ke8 40. b7 Nxb7 41. Bxb7 Kd7 42. Nb4 f5 43. Bd5 f4 44. Nd3 Kd6 45. Kg2 g5 46. a4 1-0

[Event "SVK-chT4 A21 1718"]
[Site "Slovakia"]
[Date "2018.01.14"]
[Round "7.3"]
[White "Damborsky, Pavol"]
[Black "Lajda, Dusan"]
[Result "0-1"]
[WhiteElo "1630"]
[BlackElo "1786"]
[PlyCount "64"]
[EventDate "2017.10.01"]
[EventType "team-tourn"]
[EventRounds "11"]
[EventCountry "SVK"]
[SourceTitle "EXT 2019"]
[Source "ChessBase"]
[SourceDate "2018.10.10"]
[SourceVersion "1"]
[SourceVersionDate "2018.10.10"]
[SourceQuality "1"]
[WhiteTeam "Kopcany"]
[BlackTeam "Vrbove II"]
[WhiteTeamCountry "SVK"]
[BlackTeamCountry "SVK"]

1. c4 Nf6 2. Nc3 g6 3. d4 Bg7 4. Nf3 0-0 5. e4 d6 6. Be2 Nbd7 7. 0-0 e5 8. d5 Nc5 9. Bg5 a5 10. a4 h6 11. Bxf6 Bxf6 12. h3 Bg7 13. Qc2 f5 14. exf5 Bxf5 15. Qd1 g5 16. Nh2 Qe7 17. g4 Bg6 18. Ra3 Rf7 19. f3 Raf8 20. Qd2 Qf6 21. Ne4 Qf4 22. Qxf4 Rxf4 23. Nxc5 dxc5 24. Rd1 e4 25. Kg2 Bd4 26. Rf1 c6 27. b3 R8f6 28. Ra2 Kf7 29. Bd1 Ke7 30. fxe4 Rxf1 31. Nxf1 Bxe4+ 32. Bf3 Rxf3 0-1

[Event "SVK-chT4 A21 1718"]
[Site "Slovakia"]
[Date "2017.11.26"]
[Round "5.2"]
[White "Hrubsa, Marian"]
[Black "Lajda, Dusan"]
[Result "1-0"]
[WhiteElo "1940"]
[BlackElo "1784"]
[PlyCount "79"]
[EventDate "2017.10.01"]
[EventType "team-tourn"]
[EventRounds "11"]
[EventCountry "SVK"]
[SourceTitle "EXT 2019"]
[Source "ChessBase"]
[SourceDate "2018.10.10"]
[SourceVersion "1"]
[SourceVersionDate "2018.10.10"]
[SourceQuality "1"]
[WhiteTeam "Skalica II"]
[BlackTeam "Vrbove II"]
[WhiteTeamCountry "SVK"]
[BlackTeamCountry "SVK"]

1. e4 c5 2. Nf3 d6 3. d4 cxd4 4. Nxd4 Nc6 5. Nc3 g6 6. Be3 Bg7 7. Qd2 Bd7 8. Be2 Nf6 9. f3 0-0 10. 0-0 a6 11. Rad1 Rc8 12. Nb3 b5 13. a3 Ne5 14. Qc1 Nc4 15. Bd4 Ne8 16. Nd5 Bxd4+ 17. Nxd4 e6 18. Nb4 a5 19. Na2 Qb6 20. Kh1 e5 21. Bxc4 Rxc4 22. Ne2 b4 23. axb4 axb4 24. b3 Rc8 25. Qd2 Rb8 26. Nac1 Be6 27. Nd3 f5 28. Ra1 fxe4 29. fxe4 Nf6 30. Ng3 Qd4 31. Rae1 d5 32. exd5 Bxd5 33. Rxe5 Ne4 34. Qe1 Nxg3+ 35. hxg3 Rxf1+ 36. Qxf1 Be4 37. Qf6 Qa1+ 38. Kh2 Bxg2 39. Re8+ Rxe8 40. Qxa1 1-0

[Event "SVK-chT4 A21 1617"]
[Site "Slovakia"]
[Date "2017.02.12"]
[Round "9.1"]
[White "Trojkova, Michaela"]
[Black "Lajda, Dusan"]
[Result "0-1"]
[WhiteElo "1663"]
[BlackElo "1779"]
[PlyCount "150"]
[EventDate "2016.10.09"]
[EventType "team-tourn"]
[EventRounds "11"]
[EventCountry "SVK"]
[SourceTitle "EXT 2020"]
[Source "ChessBase"]
[SourceDate "2019.10.17"]
[SourceVersion "1"]
[SourceVersionDate "2019.10.17"]
[SourceQuality "1"]
[WhiteTeam "Senica CVC II"]
[BlackTeam "Vrbove II"]
[WhiteTeamCountry "SVK"]
[BlackTeamCountry "SVK"]

1. e4 c5 2. Nf3 d6 3. Bb5+ Bd7 4. Qe2 Nc6 5. c3 Nf6 6. d4 a6 7. Bd3 cxd4 8. Nxd4 Ne5 9. Bc2 Rc8 10. Nd2 g6 11. 0-0 Bg7 12. h3 0-0 13. N2f3 Nxf3+ 14. Nxf3 Qc7 15. e5 Bb5 16. Bd3 Bxd3 17. Qxd3 dxe5 18. Qe2 Nd5 19. Re1 f6 20. Bd2 Rfd8 21. Rac1 b5 22. b3 Nb6 23. Be3 Rd7 24. Bxb6 Qxb6 25. Red1 Rxd1+ 26. Qxd1 Qd6 27. Qe2 Rd8 28. c4 Bh6 29. c5 Qc6 30. Rc2 e4 31. Nh2 f5 32. b4 Kf7 33. Nf1 Bf4 34. Ne3 e6 35. Rd2 Rxd2 36. Qxd2 Bc7 37. Nc2 Qd5 38. Qxd5 exd5 39. Kf1 Be5 40. Ke2 d4 41. Kd2 Bf4+ 42. Kd1 Ke6 43. Nxd4+ Kd5 44. Ne2 Be5 45. Kc2 Kc4 46. a3 a5 47. bxa5 Kxc5 48. Kb3 Bc7 49. a6 Bb6 50. a4 bxa4+ 51. Kxa4 Kc4 52. Ng3 Bxf2 53. Ka5 Ba7 54. h4 e3 55. Ne2 Kd3 56. Nf4+ Kd2 57. Kb5 e2 58. Nxe2 Kxe2 59. Kc6 Kf2 60. Kb7 Be3 61. a7 Bxa7 62. Kxa7 Kxg2 63. Kb6 f4 64. Kc6 f3 65. Kd6 f2 66. Ke6 f1Q 67. h5 Qe2+ 68. Kf6 gxh5 69. Kg5 h6+ 70. Kxh6 h4 71. Kg5 h3 72. Kh4 Qe4+ 73. Kg5 h2 74. Kf6 h1Q 75. Kg5 Qhh4# 0-1

[Event "SVK-chT4 A21 1617"]
[Site "Slovakia"]
[Date "2016.12.04"]
[Round "5.1"]
[White "Lajda, Dusan"]
[Black "Vach, Jozef"]
[Result "1-0"]
[WhiteElo "1778"]
[BlackElo "1706"]
[PlyCount "71"]
[EventDate "2016.10.09"]
[EventType "team-tourn"]
[EventRounds "11"]
[EventCountry "SVK"]
[SourceTitle "EXT 2018"]
[Source "ChessBase"]
[SourceDate "2017.10.13"]
[SourceVersion "1"]
[SourceVersionDate "2017.10.13"]
[SourceQuality "1"]
[WhiteTeam "Vrbove II"]
[BlackTeam "Holic II"]
[WhiteTeamCountry "SVK"]
[BlackTeamCountry "SVK"]

1. e4 e5 2. Nf3 Nc6 3. Bc4 Be7 4. d4 d6 5. c3 Nf6 6. Nbd2 0-0 7. h3 h6 8. 0-0 a6 9. a4 b6 10. Re1 exd4 11. cxd4 Na5 12. Ba2 Be6 13. d5 Bc8 14. Nd4 Bd7 15. b4 Nb7 16. N2f3 Nh7 17. Be3 Bf6 18. Rc1 Rc8 19. Bc4 Qe8 20. Bxa6 Bxa4 21. Qd3 Rb8 22. Rxc7 Nd8 23. b5 Ra8 24. Rc4 Rxa6 25. bxa6 Bb5 26. Nxb5 Qxb5 27. Rc3 Qd7 28. Rb3 Ng5 29. Nxg5 Bxg5 30. Bxg5 hxg5 31. Rxb6 f6 32. Qb5 Qc7 33. Rb8 Qa7 34. Qb6 Qxb6 35. Rxb6 Nf7 36. a7 1-0

[Event "SVK-chT4 A21 1617"]
[Site "Slovakia"]
[Date "2016.10.09"]
[Round "1.1"]
[White "Lajda, Dusan"]
[Black "Slaby, Jozef"]
[Result "1/2-1/2"]
[WhiteElo "1778"]
[BlackElo "1749"]
[PlyCount "56"]
[EventDate "2016.10.09"]
[EventType "team-tourn"]
[EventRounds "11"]
[EventCountry "SVK"]
[SourceTitle "CBM 175 Extra"]
[Source "ChessBase"]
[SourceDate "2016.12.12"]
[SourceVersion "1"]
[SourceVersionDate "2016.12.12"]
[SourceQuality "1"]
[WhiteTeam "Vrbove II"]
[BlackTeam "Chtelnica Kamenar"]
[WhiteTeamCountry "SVK"]
[BlackTeamCountry "SVK"]

1. e4 Nf6 2. Nc3 d5 3. exd5 Nxd5 4. Nge2 c6 5. Nxd5 Qxd5 6. Ng3 Nd7 7. d4 e5 8. Be3 Bb4+ 9. c3 Ba5 10. Qg4 g6 11. dxe5 Nxe5 12. Qd4 0-0 13. Qxd5 cxd5 14. 0-0-0 Be6 15. Ne2 Ng4 16. Nd4 Nxe3 17. fxe3 Rac8 18. Bd3 a6 19. Kb1 Rfe8 20. Rde1 Bd8 21. e4 Bh4 22. g3 Bf6 23. Nxe6 fxe6 24. Rhf1 Bg7 25. exd5 exd5 26. a4 Bh6 27. Kc2 Rxe1 28. Rxe1 Kf7 1/2-1/2

[Event "SVK-chT4 A21 1516"]
[Site "Slovakia"]
[Date "2016.04.03"]
[Round "11.1"]
[White "Horak, Ivan"]
[Black "Lajda, Dusan"]
[Result "1-0"]
[WhiteElo "2043"]
[BlackElo "1851"]
[PlyCount "71"]
[EventDate "2015.10.04"]
[EventType "team-tourn"]
[EventRounds "11"]
[EventCountry "SVK"]
[SourceTitle "EXT 2018"]
[Source "ChessBase"]
[SourceDate "2017.10.13"]
[SourceVersion "1"]
[SourceVersionDate "2017.10.13"]
[SourceQuality "1"]
[WhiteTeam "Holic"]
[BlackTeam "Vrbove II"]
[WhiteTeamCountry "SVK"]
[BlackTeamCountry "SVK"]

1. e4 c5 2. Nf3 Nc6 3. c3 d6 4. d4 cxd4 5. cxd4 e6 6. Nc3 Bd7 7. Bd3 g6 8. 0-0 Bg7 9. Be3 a6 10. a3 Nge7 11. Rc1 0-0 12. b4 b5 13. Qd2 Re8 14. Rfd1 Rc8 15. Be2 d5 16. e5 f6 17. exf6 Bxf6 18. a4 Nxb4 19. axb5 axb5 20. Nxb5 Rxc1 21. Rxc1 Nbc6 22. Nd6 Rf8 23. Bh6 Bg7 24. Bxg7 Kxg7 25. Nb7 Qb8 26. Nc5 Bc8 27. Ng5 Nd8 28. Bg4 Nf5 29. Bxf5 Rxf5 30. Nf3 Nb7 31. Qb4 Qd6 32. Ne5 Nxc5 33. Rxc5 Ba6 34. Qa5 Rxe5 35. dxe5 Qb8 36. Qxa6 1-0

[Event "SVK-chT4 A21 1516"]
[Site "Slovakia"]
[Date "2016.03.13"]
[Round "10.3"]
[White "Lajda, Dusan"]
[Black "Skapik, Branislav"]
[Result "0-1"]
[WhiteElo "1861"]
[BlackElo "1845"]
[PlyCount "64"]
[EventDate "2015.10.04"]
[EventType "team-tourn"]
[EventRounds "11"]
[EventCountry "SVK"]
[SourceTitle "EXT 2017"]
[Source "ChessBase"]
[SourceDate "2016.10.25"]
[SourceVersion "1"]
[SourceVersionDate "2016.10.25"]
[SourceQuality "1"]
[WhiteTeam "Vrbove II"]
[BlackTeam "Brezova pod Bradlom"]
[WhiteTeamCountry "SVK"]
[BlackTeamCountry "SVK"]

1. e4 e6 2. d4 d5 3. Nc3 Nf6 4. e5 Nfd7 5. f4 c5 6. Nf3 Nc6 7. Bb5 Qb6 8. Bxc6 bxc6 9. Na4 Qa5+ 10. c3 cxd4 11. b4 Qc7 12. Nxd4 c5 13. bxc5 Nxc5 14. Nxc5 Bxc5 15. Be3 Qa5 16. Qc2 Qa6 17. Kf2 0-0 18. g3 f6 19. Nf3 Bxe3+ 20. Kxe3 Qb6+ 21. Ke2 Ba6+ 22. Kd1 Rac8 23. Re1 Rc4 24. Rb1 Qa5 25. Rb3 Rfc8 26. exf6 gxf6 27. Rxe6 Rxc3 28. Rxc3 Rxc3 29. Rxa6 Qc5 30. Qd2 Rxf3 31. Rd6 Qb5 32. Qc2 Qf1+ 0-1

[Event "SVK-chT4 A21 1516"]
[Site "Slovakia"]
[Date "2016.02.28"]
[Round "9.3"]
[White "Lajda, Dusan"]
[Black "Zajicek, Ferdinand"]
[Result "1-0"]
[WhiteElo "1861"]
[BlackElo "1757"]
[PlyCount "67"]
[EventDate "2015.10.04"]
[EventType "team-tourn"]
[EventRounds "11"]
[EventCountry "SVK"]
[SourceTitle "EXT 2017"]
[Source "ChessBase"]
[SourceDate "2016.10.25"]
[SourceVersion "1"]
[SourceVersionDate "2016.10.25"]
[SourceQuality "1"]
[WhiteTeam "Vrbove II"]
[BlackTeam "Gbely Nafta II"]
[WhiteTeamCountry "SVK"]
[BlackTeamCountry "SVK"]

1. e4 c5 2. Nf3 d6 3. d4 cxd4 4. Nxd4 Nf6 5. Nc3 g6 6. Be2 Bg7 7. Be3 0-0 8. Qd2 Bd7 9. 0-0 Nc6 10. f3 Qa5 11. Nb3 Qc7 12. Nb5 Qb8 13. c4 a6 14. Nc3 Be6 15. Nd5 Nd7 16. Nd4 Qd8 17. Nxe6 fxe6 18. Nf4 Rf6 19. Rad1 Qf8 20. Nd3 Rc8 21. b3 Rf7 22. Nf2 Nf6 23. Nh3 Nd7 24. f4 Bh6 25. e5 Rd8 26. Bg4 dxe5 27. Bxe6 exf4 28. Bxf4 Bxf4 29. Qxf4 Nde5 30. Bxf7+ Nxf7 31. Rxd8 Ncxd8 32. Ng5 Qg7 33. Nxf7 Qxf7 34. Qb8 1-0

[Event "SVK-chT3A2 1516"]
[Site "Slovakia"]
[Date "2016.01.31"]
[Round "7.3"]
[White "Lajda, Dusan"]
[Black "Palka, Martin"]
[Result "1/2-1/2"]
[WhiteElo "1795"]
[BlackElo "1912"]
[PlyCount "36"]
[EventDate "2015.10.11"]
[EventType "team-tourn"]
[EventRounds "11"]
[EventCountry "SVK"]
[SourceTitle "EXT 2020"]
[Source "ChessBase"]
[SourceDate "2019.10.17"]
[SourceVersion "1"]
[SourceVersionDate "2019.10.17"]
[SourceQuality "1"]
[WhiteTeam "Vrbove"]
[BlackTeam "Senica SK"]
[WhiteTeamCountry "SVK"]
[BlackTeamCountry "SVK"]

1. e4 c5 2. Nf3 Nc6 3. d4 cxd4 4. Nxd4 e6 5. g3 Qc7 6. c3 a6 7. Bg2 d6 8. 0-0 Bd7 9. Nd2 Nf6 10. N2b3 Be7 11. Be3 0-0 12. Re1 Ne5 13. Qe2 Nc4 14. h3 Nxe3 15. Qxe3 Rad8 16. Rad1 Bc8 17. Nc1 Rfe8 18. Nd3 Bf8 1/2-1/2

[Event "SVK-chT4 A21 1516"]
[Site "Slovakia"]
[Date "2016.01.24"]
[Round "7.3"]
[White "Lajda, Dusan"]
[Black "Oravec, Pavol"]
[Result "0-1"]
[WhiteElo "1861"]
[BlackElo "1774"]
[PlyCount "120"]
[EventDate "2015.10.04"]
[EventType "team-tourn"]
[EventRounds "11"]
[EventCountry "SVK"]
[SourceTitle "EXT 2017"]
[Source "ChessBase"]
[SourceDate "2016.10.25"]
[SourceVersion "1"]
[SourceVersionDate "2016.10.25"]
[SourceQuality "1"]
[WhiteTeam "Vrbove II"]
[BlackTeam "Piestany Kupele II"]
[WhiteTeamCountry "SVK"]
[BlackTeamCountry "SVK"]

1. e4 e6 2. d4 d5 3. Nc3 Nf6 4. e5 Nfd7 5. f4 c5 6. Nf3 a6 7. Bd3 Nc6 8. dxc5 Bxc5 9. Qe2 Qe7 10. Nd1 f6 11. exf6 Nxf6 12. Nf2 Bd7 13. Be3 Bxe3 14. Qxe3 0-0-0 15. 0-0 Rhe8 16. c3 Qd6 17. Ne5 Re7 18. Rac1 Kb8 19. Qb6 Qc7 20. Qb3 Ka7 21. Qa3 Rde8 22. c4 Qb6 23. c5 Qc7 24. Rfe1 Bc8 25. b4 Nxe5 26. fxe5 Nd7 27. Qc3 Nb8 28. a4 Rf8 29. b5 Qd8 30. Qd4 Ka8 31. Re2 Ref7 32. g3 Qg5 33. Rf1 Rf3 34. Qh4 Qxh4 35. gxh4 R3f4 36. Ra2 Rxh4 37. Kg2 g6 38. h3 Rd4 39. Ng4 Rxf1 40. Bxf1 Nd7 41. b6 Kb8 42. a5 Nxc5 43. Nf6 Ra4 44. Rf2 Rxa5 45. Nxh7 Nd7 46. Rb2 Nxe5 47. Nf6 Ra3 48. Ne8 Nd7 49. Nd6 e5 50. Ne8 Nc5 51. Rc2 Bxh3+ 52. Kh2 Bxf1 53. Rxc5 Rb3 54. Nf6 Rxb6 55. Nd7+ Ka7 56. Nxe5 Rb2+ 57. Kg1 Bg2 58. Nxg6 Kb6 59. Rc8 Bh3 60. Rd8 Rg2+ 0-1

[Event "SVK-chT3A2 1516"]
[Site "Slovakia"]
[Date "2016.01.17"]
[Round "6.5"]
[White "Cvirik, Vladimir"]
[Black "Lajda, Dusan"]
[Result "0-1"]
[WhiteElo "1865"]
[BlackElo "1795"]
[PlyCount "97"]
[EventDate "2015.10.11"]
[EventType "team-tourn"]
[EventRounds "11"]
[EventCountry "SVK"]
[SourceTitle "EXT 2020"]
[Source "ChessBase"]
[SourceDate "2019.10.17"]
[SourceVersion "1"]
[SourceVersionDate "2019.10.17"]
[SourceQuality "1"]
[WhiteTeam "Sered MSK"]
[BlackTeam "Vrbove"]
[WhiteTeamCountry "SVK"]
[BlackTeamCountry "SVK"]

1. d4 d5 2. c4 e6 3. Nc3 Nf6 4. cxd5 exd5 5. g3 c6 6. Bg2 Nbd7 7. Nf3 Bb4 8. 0-0 0-0 9. Bg5 h6 10. Bf4 Bxc3 11. bxc3 Ne4 12. Qd3 Nb6 13. Nd2 Nxd2 14. Bxd2 Nc4 15. Bf4 Be6 16. a4 b6 17. Rfe1 Qd7 18. e4 Rae8 19. Ra2 g5 20. Bc1 dxe4 21. Qe2 Nd6 22. Ra1 Bg4 23. Qc2 Bf5 24. Qe2 Qe6 25. Ba3 Bg6 26. Bxd6 Qxd6 27. Qc4 Qd5 28. Qb4 f5 29. Bf1 Bf7 30. Rab1 f4 31. Red1 e3 32. Rb2 Qf3 33. Rd3 Bd5 34. fxe3 fxe3 35. Bg2 Qf5 36. Bxd5+ cxd5 37. Rd1 e2 38. Qxf8+ Rxf8 39. Rxe2 Qf3 40. Rde1 Qxc3 41. Re7 Qxd4+ 42. Kg2 g4 43. R1e2 Qf6 44. Re1 d4 45. R7e4 Qf3+ 46. Kg1 Kg7 47. Re7+ Rf7 48. R7e6 d3 49. R6e3 0-1

[Event "SVK-chT3A2 1516"]
[Site "Slovakia"]
[Date "2015.11.29"]
[Round "4.6"]
[White "Slaby, Jozef"]
[Black "Lajda, Dusan"]
[Result "1/2-1/2"]
[WhiteElo "1825"]
[BlackElo "1795"]
[PlyCount "60"]
[EventDate "2015.10.11"]
[EventType "team-tourn"]
[EventRounds "11"]
[EventCountry "SVK"]
[SourceTitle "EXT 2020"]
[Source "ChessBase"]
[SourceDate "2019.10.17"]
[SourceVersion "1"]
[SourceVersionDate "2019.10.17"]
[SourceQuality "1"]
[WhiteTeam "Piestany Kupele"]
[BlackTeam "Vrbove"]
[WhiteTeamCountry "SVK"]
[BlackTeamCountry "SVK"]

1. Nf3 d5 2. c4 e6 3. e3 Nf6 4. Nc3 c6 5. Be2 Nbd7 6. 0-0 Bd6 7. a3 a5 8. d4 b6 9. Bd2 Bb7 10. Rc1 0-0 11. Bd3 c5 12. Nb5 Bb8 13. cxd5 Bxd5 14. Re1 Be4 15. Bc3 Bxd3 16. Qxd3 Nd5 17. Red1 Qe7 18. Bd2 Rd8 19. Qb1 e5 20. e4 Nf4 21. Bxf4 exf4 22. d5 Ne5 23. Nxe5 Bxe5 24. f3 Rab8 25. a4 Rb7 26. b3 Rbd7 27. Rd3 f6 28. Rcd1 Bd6 29. Qc2 Qe5 30. Na3 Rb8 1/2-1/2